Los poetas franciscanos de Italia en el siglo XIII /

Federico Ozanam, nacido en Milán en 1813 y fallecido en Marsella en 1853, fue un laico católico; obtuvo el doctorado en derecho y en literatura y ejerció como profesor de literatura extranjera en la Sorbona; en su calidad de cristiano comprometido hizo vida la doctrina social de la Iglesia a través...

وصف كامل

محفوظ في:
التفاصيل البيبلوغرافية
المؤلف الرئيسي: Ozanam, Frédéric (autor)
التنسيق: كتاب
اللغة:الإسبانية
منشور في: Buenos Aires, Argentina : Espasa-Calpe, 1949, c1949
الطبعة:2a edición
سلاسل:(Austral ; 888)
الموضوعات:
الوسوم: إضافة وسم
لا توجد وسوم, كن أول من يضع وسما على هذه التسجيلة!

MARC

LEADER 00000nam^a2200000^a^4500
001 000138109
005 20250521000000.0
009 20260310095418.514
037 |a Acervo ITESO - Biblioteca 
041 |a ESP 
082 |a 808.  |b AUS V. 888 
100 |a Ozanam, Frédéric,  |e (autor) 
245 1 4 |a Los poetas franciscanos de Italia en el siglo XIII /  |c F. Ozanam ; tr. por Duque de Maqueda. 
250 |a 2a edición 
264 4 |a Buenos Aires, Argentina :  |b Espasa-Calpe,  |c 1949, c1949 
300 |a 172 p. 
336 |a texto  |b txt  |2 rdacontenido 
337 |a sin mediación  |b n  |2 rdamedio 
338 |a volumen  |b nc  |2 rdasoporte 
440 1 |a (Austral ;  |v 888) 
520 |a Federico Ozanam, nacido en Milán en 1813 y fallecido en Marsella en 1853, fue un laico católico; obtuvo el doctorado en derecho y en literatura y ejerció como profesor de literatura extranjera en la Sorbona; en su calidad de cristiano comprometido hizo vida la doctrina social de la Iglesia a través de la promoción de la acción social caritativa, la justicia social y la democracia social; fundó la Sociedad de San Vicente de Paul, institución laical de ayuda a los pobres. El 22 de agosto de 1997 fue beatificado por Juan Pablo II, en el contexto de la XII Jornada Mundial de la Juventud. 
520 |a Historia de la poesía italiana del siglo XIII escrita por San Francisco y sus discípulos. Parte de la revisión del origen de la poesía en Italia, a partir del estudio de inscripciones, monumentos y catedrales, para ofrecer un conexto de la poesía popular en Italia, para posteriormente revisar con detenimiento la obra de San Francisco, Jacopone de Todi y otros franciscanos. 
649 |a XX 
650 |a Franciscanos en Italia 
650 |a Poesía Religiosa -  |z Italia 
650 |a Poesía Italiana -  |x Historia y Crítica 
650 |a Literatura Italiana -  |y Siglo XIII 
650 |a Literatura Italiana -  |x Historia y Crítica 
650 |a Literatura Medieval -  |x Historia y Crítica 
910 |a Fondo Salvador Reynoso Reynoso 
920 |a Impresos - Libros 
930 |a Fondos Especiales 
940 |a Literatura 
905 |a 112 
901 |a 0800014621  |b IT2  |c ESP  |u 20250521 
902 |a https://opac.biblio.iteso.mx/vufind/Record/000138109